Social robot (Record n. 358232)
[ formato base ]
| 000 -LEADER | |
|---|---|
| campo di controllo lung. fissa | 00725nam a22002297a 4500 |
| 003 - Identificatore del numero di controllo | |
| campo di controllo | IT-MiCISF |
| 005 - Data e orario dell'ultima transazione | |
| campo di controllo | 20190405155722.0 |
| 008 - Elementi di lunghezza fissa--Informazione generale | |
| campo di controllo lung. fissa | 190405b ||||| |||| 00| 0 eng d |
| 040 ## - Fonte della catalogazione | |
| Agenzia catalografica originale | IT-MiCISF |
| Agenzia che fa la trascrizione | IT-MiCISF |
| 041 ## - Codice di lingua | |
| Codice di lingua del testo/traccia sonora o titolo separato | it |
| 100 ## - Accesso principale -- nome di persona | |
| Nome di persona | De Carli Sara (et al.) |
| 9 (RLIN) | 57785 |
| 210 ## - Titolo abbreviato | |
| Titolo abbreviato | Vita |
| 245 ## - Formulazione del titolo | |
| Titolo | Social robot |
| 260 ## - Pubblicazione, distribuzione, ecc. (stampa) | |
| Data di pubblicazione, distribuzione, ecc. | 2018 |
| 300 ## - Descrizione fisica | |
| Estensione | pp. 25-67 |
| 362 ## - Date della pubblicazione e/o designazione sequenziale | |
| Date della pubblicazione e/o designazione sequenziale | n. 6 |
| 500 ## - Nota generale | |
| Nota generale | società, nuovi-media, servizi-sanitari, terzo-settore |
| 650 ## - Accesso aggiunto di soggetto--termine topico | |
| Termine topico o nome geografico come accesso | società |
| 9 (RLIN) | 56109 |
| 654 ## - Accesso aggiunto di soggetto--termini topici faccettati | |
| Termine principale | dossier |
| 700 ## - Accesso aggiunto--nome di persona | |
| Nome di persona | Guerini G. |
| -- | Gramatica F. |
| -- | Arduini S. |
| -- | Migliavacca P. |
| -- | Dotti M. |
| -- | Alvaro L.M. |
| -- | Nembri A. |
| -- | Spena A. |
| -- | Moioli M. |
| -- | Spaggiari O. |
| -- | Benanti P. |
| -- | Zamagni S. |
| -- | Rasetti M. |
| -- | Villani C. |
| 9 (RLIN) | 57786 |
| 942 ## - Dati aggiuntivi (Koha) | |
| Fonte della classificazione o dello schema di collocazione (segnatura) | Dewey Decimal Classification |
| Tipo copia default (Koha) | DOCUMENTI |
| Ritirato (status) | Perso (status) | Fonte della classificazione o dello schema di collocazione (segnatura) | Danneggiato (status) | Non per il presito | Biblioteca proprietaria | Biblioteca in cui si trova | Data d'acquisizione | Totale prestiti | Collocazione | Data ultima operazione | Prezzo in vigore dal | Tipo copia default (Koha) |
|---|---|---|---|---|---|---|---|---|---|---|---|---|
| Dewey Decimal Classification | Buone Condizioni | Not For Loan | CISF - Milano | CISF - Milano | 05/04/2019 | dg119 | 05/04/2019 | 05/04/2019 | DOCUMENTI |